Zmiany struktury gospodarki a rozwój regionalny. Niektóre teoretyczne i metodyczne aspekty badan.

Autor predkladá jeden z nástrojov výskumu pôsobenia štrukturálnych premien na regionálny rozvoj. je to metóda analýzy "presunov a účasti" (shift-share analysis). Pritom upozorňuje na najdôležitejšie problémy interpretácie výsledkov získaných touto metódou.

Salvato in:
Dettagli Bibliografici
Autore principale: Wróbel, A.
Natura: Capitolo di libro
Lingua:polacco
Soggetti:
Tags: Aggiungi Tag
Nessun Tag, puoi essere il primo ad aggiungerne!!

MARC

LEADER 00000naa a2200000 4500
001 r007484
005 20221125122803.2
041 0 |a pol 
044 |a PL 
245 1 0 |a Zmiany struktury gospodarki a rozwój regionalny. Niektóre teoretyczne i metodyczne aspekty badan.  |c A. Wróbel 
520 |a Autor predkladá jeden z nástrojov výskumu pôsobenia štrukturálnych premien na regionálny rozvoj. je to metóda analýzy "presunov a účasti" (shift-share analysis). Pritom upozorňuje na najdôležitejšie problémy interpretácie výsledkov získaných touto metódou. 
610 2 0 |a zmeny štruktúrne 
610 2 0 |a rozvoj regionálny 
610 2 0 |a rast hospodársky 
100 1 |a Wróbel, A.